| 000 | 00757cab a2200229 4500 | ||
|---|---|---|---|
| 001 | ABS55662 | ||
| 008 | 090401t1996 xxu||||| |||| 00| 0 eng d | ||
| 035 | _a(Sirsi) u17859 | ||
| 041 | _aeng | ||
| 245 | _aMulti-town CCTV cameras to help fight crime | ||
| 260 | _c1996 | ||
| 350 | _a0 | ||
| 490 |
_aASI Journal _v8(2) July 1996, 10-11(2) |
||
| 520 | _aAssesses how effective Swale DC`s installation of CCTV in Sittingbourne, Faversham, Sheerness and Milton Regis has been in reducing crime and the reason behind its installation in town centre locations. | ||
| 650 | _aCCTV | ||
| 650 | _aCRIME PREVENTION | ||
| 650 | _aTOWN CENTRES | ||
| 650 | _aVANDALISM | ||
| 690 | _aBUILDING AND CONSTRUCTION-SECURITY | ||
| 942 | _n0 | ||
| 948 | _c04/03/1997 | ||
| 999 |
_c11844 _d11844 |
||